00500nam a2200205Ia 4500008004100000020001800041050001400059100001700073245002200090245004800112260001500160260001600175260000900191300001500200300002700215300001000242440002700252440000700279500000800286170918s9999 xx 000 0 und d a9780439560511 bH551 2004 aHerman, Gail aColor day relay / cGail Herman ; illustrated by Hope Gangloff. aNew York : bScholastic, c2004 a83 pages : bcolored illustration ; c19cm. aThe magic school bus ; v19 a570